<?xml version="1.0" encoding="UTF-8"?><?xml-stylesheet type="text/xsl" href="static/style.xsl"?><OAI-PMH xmlns="http://www.openarchives.org/OAI/2.0/" xmlns:xsi="http://www.w3.org/2001/XMLSchema-instance" xsi:schemaLocation="http://www.openarchives.org/OAI/2.0/ http://www.openarchives.org/OAI/2.0/OAI-PMH.xsd"><responseDate>2026-04-14T05:50:51Z</responseDate><request verb="GetRecord" identifier="oai:www.recercat.cat:2072/418013" metadataPrefix="marc">https://recercat.cat/oai/request</request><GetRecord><record><header><identifier>oai:recercat.cat:2072/418013</identifier><datestamp>2024-12-17T02:40:12Z</datestamp><setSpec>com_2072_98</setSpec><setSpec>col_2072_378193</setSpec></header><metadata><record xmlns="http://www.loc.gov/MARC21/slim" xmlns:dcterms="http://purl.org/dc/terms/" xmlns:xsi="http://www.w3.org/2001/XMLSchema-instance" xmlns:doc="http://www.lyncode.com/xoai" xsi:schemaLocation="http://www.loc.gov/MARC21/slim http://www.loc.gov/standards/marcxml/schema/MARC21slim.xsd">
   <leader>00925njm 22002777a 4500</leader>
   <datafield ind2=" " ind1=" " tag="042">
      <subfield code="a">dc</subfield>
   </datafield>
   <datafield ind2=" " ind1=" " tag="720">
      <subfield code="a">Camps i Rabadà, Jaume</subfield>
      <subfield code="e">author</subfield>
   </datafield>
   <datafield ind2=" " ind1=" " tag="260">
      <subfield code="c">2011</subfield>
   </datafield>
   <datafield ind2=" " ind1=" " tag="520">
      <subfield code="a">Las imágenes de un cánido, en reposo pero alerta, normalmente de color oscuro, procedentes del antiguo Egipto, representan al dios Anubis, protector de los muertos. Por la norma de ofrecerlas a los difuntos, figuran en la mayoría de tumbas y mastabas, y por tanto las hay a millones. Pero siempre relacionadas con un chacal. Las representaciones de Anubis no se corresponden a perros, sean podencos,o al pharao, ya que solo tienen "cierto" parecido. Hay, sin embargo, muchas imágenes que sí representan a perros, ya desde las primitivas Dinastías de los Faraones egipcios. De aspecto, y función, muy diversa.</subfield>
   </datafield>
   <datafield tag="653" ind2=" " ind1=" ">
      <subfield code="a">Gossos</subfield>
   </datafield>
   <datafield tag="653" ind2=" " ind1=" ">
      <subfield code="a">Egipte</subfield>
   </datafield>
   <datafield ind2="0" ind1="0" tag="245">
      <subfield code="a">Imágenes de perros, de hace 48, 45, y 38 siglos. Tres ejemplos poco conocidos del antiguo Egipto</subfield>
   </datafield>
</record></metadata></record></GetRecord></OAI-PMH>